[Event "SLO-ch U12 Girls"]
[Site "Ptuj"]
[Date "2017.03.01"]
[Round "6"]
[White "Halilovic, Elma"]
[Black "Kralj, Nika"]
[Result "0-1"]
[WhiteElo "1265"]
[BlackElo "1594"]
[PlyCount "78"]
[EventDate "2017.02.27"]
[EventType "swiss"]
[EventRounds "9"]
[EventCountry "SLO"]
[SourceTitle "CBM 177 Extra"]
[Source "ChessBase"]
[SourceDate "2017.04.27"]
[SourceVersion "1"]
[SourceVersionDate "2017.04.27"]
[SourceQuality "1"]

1. e4 d6 2. d4 g6 3. Nf3 Bg7 4. Be3 Nf6 5. Nc3 0-0 6. Bd3 Bg4 7. h3 Bxf3 8. Qxf3 Nc6 9. d5 Ne5 10. Qe2 Nfd7 11. f4 Nxd3+ 12. Qxd3 c6 13. 0-0 Nb6 14. Bd4 Bh6 15. f5 Nd7 16. dxc6 bxc6 17. Be3 Ne5 18. Qe2 Bxe3+ 19. Qxe3 Nc4 20. Qc1 Qb6+ 21. Kh1 Qxb2 22. Qxb2 Nxb2 23. Rab1 Rab8 24. fxg6 hxg6 25. g4 Nc4 26. Rfe1 Na3 27. Rbc1 Rb2 28. Re2 Kg7 29. Kg2 Rfb8 30. Kf3 Nb5 31. Nxb5 R8xb5 32. a4 R5b4 33. Ra1 Rc4 34. Ra3 Rbxc2 35. Rxc2 Rxc2 36. Rb3 Kf6 37. Rb7 a5 38. h4 Rc3+ 39. Kf4 e5# 0-1

[Event "SLO-ch U12 Girls"]
[Site "Ptuj"]
[Date "2017.02.28"]
[Round "4"]
[White "Pajek, Tjasa"]
[Black "Halilovic, Elma"]
[Result "1/2-1/2"]
[WhiteElo "1238"]
[BlackElo "1265"]
[PlyCount "64"]
[EventDate "2017.02.27"]
[EventType "swiss"]
[EventRounds "9"]
[EventCountry "SLO"]
[SourceTitle "CBM 177 Extra"]
[Source "ChessBase"]
[SourceDate "2017.04.27"]
[SourceVersion "1"]
[SourceVersionDate "2017.04.27"]
[SourceQuality "1"]

1. d4 d5 2. Nf3 Nf6 3. e3 e6 4. Bd3 Be7 5. 0-0 0-0 6. c4 b6 7. Nc3 Bb7 8. b3 Nbd7 9. Bb2 Rc8 10. Rc1 c5 11. Qe2 Ne4 12. Nd2 Nxc3 13. Bxc3 f5 14. cxd5 Bxd5 15. Bc4 Nf6 16. Bxd5 Qxd5 17. Qf3 Qxf3 18. Nxf3 Ne4 19. Ne5 Nxc3 20. Rxc3 Rc7 21. dxc5 Rxc5 22. Rxc5 Bxc5 23. Nd7 Rd8 24. Nxc5 bxc5 25. Rc1 Rd2 26. Ra1 Rc2 27. g3 c4 28. bxc4 Rxc4 29. Kf1 Kf7 30. a3 a6 31. Ra2 Kf6 32. Ke2 Ke5 1/2-1/2

[Event "SLO-ch U12 Girls"]
[Site "Ptuj"]
[Date "2017.02.27"]
[Round "1"]
[White "Halilovic, Elma"]
[Black "Zagar, Kristina"]
[Result "1/2-1/2"]
[WhiteElo "1265"]
[BlackElo "1768"]
[PlyCount "106"]
[EventDate "2017.02.27"]
[EventType "swiss"]
[EventRounds "9"]
[EventCountry "SLO"]
[SourceTitle "CBM 177 Extra"]
[Source "ChessBase"]
[SourceDate "2017.04.27"]
[SourceVersion "1"]
[SourceVersionDate "2017.04.27"]
[SourceQuality "1"]

1. e4 e5 2. Nf3 Nc6 3. Bc4 Bc5 4. Nc3 Nf6 5. d3 h6 6. 0-0 0-0 7. Be3 Bb6 8. Qd2 Bxe3 9. Qxe3 Ng4 10. Qe2 d6 11. h3 Nf6 12. Rad1 Be6 13. Bb3 Nd4 14. Nxd4 exd4 15. Nd5 Nxd5 16. Bxd5 Bxd5 17. exd5 Re8 18. Qg4 Qg5 19. Qxd4 Re5 20. c4 Qg6 21. f4 Rh5 22. Rde1 Rxh3 23. Re3 Rh4 24. Qe4 Qxe4 25. dxe4 Re8 26. b3 b6 27. g3 Rg4 28. Kg2 f5 29. e5 dxe5 30. Rxe5 Rxe5 31. fxe5 g6 32. e6 Re4 33. Kf3 g5 34. Rd1 g4+ 35. Kf2 f4 36. d6 fxg3+ 37. Kxg3 cxd6 38. Rxd6 Kf8 39. e7+ Kxe7 40. Rxh6 Kf8 41. Rf6+ Ke7 42. Rf4 Rxf4 43. Kxf4 Kd6 44. Kxg4 Kc5 45. Kf5 a5 46. a3 b5 47. cxb5 Kxb5 48. Ke4 a4 49. Kd4 axb3 50. Kc3 Ka4 51. Kb2 Kb5 52. Kxb3 Ka5 53. a4 Ka6 1/2-1/2